000 00594nam a2200181Ia 4500
003 IN-BaIIA
008 211028s9999 xx 000 0 eng d
020 _a0-486-41181-8
040 _cIIA Library
080 _a519.6
_bHUG
100 _aHughes,T. J. R.
_928179
245 0 _aFinite element method
_blinear static and dynamic finite element analysis
_cT. J. R. Hughes
260 _aNew York
_bDover Publications
_c2000
300 _axxii, 682p.
650 _aBoundry Value problems
_928180
650 _aFinite Element Method
_920263
942 _cBK
999 _c15290
_d15290